00603nam a22002057a 450000500170000001000130001702000220003003500130005203700160006504000120008108200160009324500640010926000460017327000590021930000200027850000410029865000170033965000220035670000190037820170124105942.0 aA-779590 c00.00a8124200629 aA-779590 bCen Lib/Ret aDPLbEN a308.88bGRE aThe great thoughts of oscar wilde /cedited by Alvin Redman haNew Delhi bCrest Publishing House c1995 bNew Delhi ag-2, 16, ansari road, dariya ganj e110002 a240p.c21cm(Hb) aIncludes bibliographical references  aLectures y  aThoughts xWidle  aRedman, Alvin